Kombinované techniky prípravy vzorky na sledovanie rezíduí pesticídov na nízkych koncentračných hladinách bakalárska práca

Gespeichert in:
Bibliographische Detailangaben
1. Verfasser: Poláčeková, Veronika
Format: Buch
Sprache:Slowakisch
Veröffentlicht: Bratislava STU FCHPT 2016
Online-Zugang:Im OPAC anzeigen
Tags: Tag hinzufügen
Keine Tags, Fügen Sie das erste Tag hinzu!

MARC

LEADER 00000nam a2200000 a 4500
005 20260127134307.0
008 160808 2016 000 0 slo d
035 |a vtls011571885 
039 9 |y 201608081448  |z mschk03 
040 |a STUSCHK1  |b slo  |c STUSCHK1  |e AACR2 
100 1 |a Poláčeková, Veronika 
245 1 |a Kombinované techniky prípravy vzorky na sledovanie rezíduí pesticídov na nízkych koncentračných hladinách  |b bakalárska práca  |c Veronika Poláčeková 
260 |a Bratislava  |b STU FCHPT  |c 2016 
300 |a 52 s.  |b il.  |c 25 cm 
500 |a Študijný program: chémia, medicínska chémia a chemické materiály 
500 |a Študijný odbor: chémia, chemické technológie 
500 |a Školiace pracovisko: Ústav analytickej chémie 
500 |a Evid. číslo: FCHPT-13569-65071 
910 |a SCHK95 
999 |c 9021  |d 9021